000 00361nam a2200133Ia 4500
008 151001s9999||||xx |||||||||||||| ||und||
100 _aभगवानदेव चैतन्य
245 _aपरिवेश
250 _a1
260 _b"नीरज बुक सेंटर,दिल्ली"
260 _c2010
300 _a103
365 _b21
999 _c999466
_d999463